| 000 | 01059nam a2200289 i 4500 | ||
|---|---|---|---|
| 003 | IT-RoINE | ||
| 005 | 20220301102541.0 | ||
| 008 | 211210s2021 sp r 001 |dspa d | ||
| 020 | _a9788497155090 | ||
| 040 |
_aPUG _bita _dmdb _dIT-RoINE _erda _cIT-RoINE |
||
| 041 | 1 |
_aspa _alat |
|
| 100 | 0 |
_aJulián, _cSanto, Arzobispo de Toledo, _d642-690 _99295 |
|
| 240 | 1 | 0 |
_aDe tribus substantiis in Christo manentibus. _lLatín y español |
| 245 | 1 | 0 |
_aApologético / _cJulián de Toledo ; introducción, texto crítico, traducción y notas de Juan Antonio Cabrera Montero. |
| 260 |
_aMadrid : _bCiudad nueva, _c2021. |
||
| 300 |
_a228 p. ; _c24 cm. |
||
| 336 |
_atesto _btxt _2rdacontent |
||
| 337 |
_2rdamedia _aunmediated |
||
| 338 |
_2rdacarrier _avolume |
||
| 490 | 1 |
_aFuentes patrísticas ; _v35 |
|
| 500 | _aIncluye índices. | ||
| 504 | _aFuentes y bibliografía: p. [143]-154. | ||
| 546 | _aTexto en latín y traducción en español. | ||
| 700 | 1 |
_aCabrera Montero, Juan Antonio _970947 |
|
| 830 |
_aFuentes patrísticas ; _v35 _939866 |
||
| 942 | _cMTS | ||
| 999 |
_c36616 _d36616 |
||